01802nam a22004577a 4500003000500000005001700005008004100022010001100063011001100074020001800085035001100103040000900114082002200123110000800145245007800153260002300231300002400254500017900278590004100457590004100498590004100539590004100580590004100621590004100662590004100703590004100744590004100785590004100826590004200867650002900909650002400938650004900962650004001011650002001051650002201071901000701093942001001100949007301110999001901183952014201202CHAP20220817044544.0121009s2012 it r 00010 eng d a104052 a105024 a9789251071342 a115716 cCHAP04a581.151bF21y v.22 aFAO10aConservation and sustainable use under the International Treatyc/por FAO aRoma :bFAO,c2012 axi, 154 p. :bilus. aThis is the second educational module in a series of training materials for the implementation of the International Treaty on Plant Genetic Resources for Food and Agriculture aBATCH-UPDb10c20130110lUCH01h0257 aBATCH-UPDb10c20130110lUCH01h0318 aBATCH-UPDb10c20130110lUCH01h0354 aBATCH-UPDb10c20130110lUCH01h0421 aBATCH-UPDb10c20130110lUCH01h0432 aBATCH-UPDb10c20130110lUCH01h0433 aBATCH-UPDb10c20130409lUCH01h2225 aBATCH-UPDb10c20130409lUCH01h2331 aBATCH-UPDb10c20130409lUCH01h2343 aBATCH-UPDb10c20130913lUCH01h2336 aCONVERSIONb10c20130109lUCH01h135704aAgricultura sustentable.04aGermoplasma.94776604aRecursos genéticosxConservación.99508104aRecursos genéticosxLeyes.99508304aTransgénicos.04aTratados.9114689 aBK cLIBRO a581.151 F21y v.2bBCcLIBROd33724002351082eFAO1h117428i115716st c104052d104052 00102ddc4052708GRALaBCbBCcPA_GRALd2019-12-31fLIBROl0o581.151 F21y v.2p33724002351082r2019-12-31 00:00:00w2019-12-31yLIBRO